[Event "US op 121st"]
[Site "Cherry Hill"]
[Date "2021.08.04"]
[Round "5"]
[White "Kumar, Aravind"]
[Black "Moradiabadi, Elshan"]
[Result "0-1"]
[WhiteElo "2233"]
[BlackElo "2553"]
[PlyCount "84"]
[EventDate "2021.07.31"]
[EventType "swiss"]
[EventRounds "9"]
[EventCountry "USA"]
[SourceTitle "CBM 203 Extra"]
[Source "ChessBase"]
[SourceDate "2021.09.30"]
[SourceVersion "1"]
[SourceVersionDate "2021.09.30"]
[SourceQuality "1"]

1. d4 Nf6 2. c4 e6 3. Nc3 Bb4 4. f3 c5 5. d5 0-0 6. e4 d6 7. Nge2 b5 8. Nf4 exd5 9. cxd5 a6 10. a4 bxa4 11. Qxa4 Nbd7 12. Be3 Re8 13. Kf2 Ne5 14. Be2 Bxc3 15. bxc3 Neg4+ 16. fxg4 Nxe4+ 17. Kf3 Bd7 18. Qc2 Qf6 19. Bd3 Ng5+ 20. Kf2 Rxe3 21. Kxe3 Re8+ 22. Ne6 fxe6 23. Rhf1 exd5+ 24. Kd2 Qh6 25. Kc1 c4 26. Bf5 Ne4+ 27. Kb2 Rb8+ 28. Ka2 Bxf5 29. Rxf5 Qe3 30. Rb1 Rxb1 31. Kxb1 Nxc3+ 32. Kb2 Nb5 33. Qf2 Qa3+ 34. Kc2 Qa2+ 35. Kc1 Qa1+ 36. Kd2 Qb2+ 37. Ke3 Qd4+ 38. Kf3 Qd3+ 39. Kf4 Nd4 40. Qe1 h6 41. Qe8+ Kh7 42. Qf7 Ne2# 0-1

[Event "Philadelphia int op 13th"]
[Site "Philadelphia"]
[Date "2019.06.30"]
[Round "6"]
[White "Katz, Alexander R"]
[Black "Kumar, Aravind"]
[Result "1/2-1/2"]
[WhiteElo "2427"]
[BlackElo "2242"]
[PlyCount "82"]
[EventDate "2019.06.27"]
[EventType "swiss"]
[EventRounds "9"]
[EventCountry "USA"]
[SourceTitle "EXT 2020"]
[Source "ChessBase"]
[SourceDate "2019.10.17"]
[SourceVersion "1"]
[SourceVersionDate "2019.10.17"]
[SourceQuality "1"]

1. e4 e6 2. d4 d5 3. Nc3 Bb4 4. e5 c5 5. a3 Bxc3+ 6. bxc3 Ne7 7. Qg4 Qc7 8. Qxg7 Rg8 9. Qxh7 cxd4 10. Ne2 Nbc6 11. f4 dxc3 12. Qd3 d4 13. Rb1 Bd7 14. Ng3 0-0-0 15. Be2 Nf5 16. Kf2 Nce7 17. Ne4 Bc6 18. g4 Ne3 19. Bxe3 dxe3+ 20. Qxe3 Nd5 21. Qxa7 Nxf4 22. Nd6+ Rxd6 23. exd6 Nh3+ 24. Ke1 Qxd6 25. Rd1 Qe7 26. Qa8+ Kc7 27. Qa5+ Kc8 28. Qxc3 Qh4+ 29. Kd2 Nf2 30. Kc1 Nxd1 31. Bxd1 e5 32. Rf1 Qxh2 33. Rxf7 Kb8 34. g5 Rd8 35. Kb2 e4 36. g6 Bd5 37. Qf6 Rd6 38. Qf4 Qxf4 39. Rxf4 Rxg6 40. Kc3 Bc6 41. Bg4 Rg5 1/2-1/2

[Event "Charlotte CCCSA Fall IM"]
[Site "Charlotte"]
[Date "2018.11.24"]
[Round "6"]
[White "Kumar, Aravind"]
[Black "Martin Del Campo C, Roberto Abel"]
[Result "1/2-1/2"]
[WhiteElo "2217"]
[BlackElo "2309"]
[PlyCount "58"]
[EventDate "2018.11.21"]
[EventType "tourn"]
[EventRounds "9"]
[EventCountry "USA"]
[EventCategory "3"]
[SourceTitle "CBM 187 Extra"]
[Source "ChessBase"]
[SourceDate "2018.11.04"]
[SourceVersion "1"]
[SourceVersionDate "2018.11.04"]
[SourceQuality "1"]

1. d4 Nf6 2. c4 d6 3. Nc3 Bf5 4. e3 Nbd7 5. Qf3 Bg6 6. Qxb7 a6 7. Nf3 e6 8. Be2 h6 9. 0-0 Be7 10. Qb3 0-0 11. Qd1 c5 12. b3 Ne4 13. Nxe4 Bxe4 14. Bb2 a5 15. Nd2 Bg6 16. Bf3 Ra6 17. Be4 Bxe4 18. Nxe4 a4 19. Nc3 Qb6 20. Nb5 d5 21. Qe2 Rb8 22. Rfd1 Qc6 23. Ba3 axb3 24. axb3 dxc4 25. bxc4 Nb6 26. Bxc5 Rxa1 27. Rxa1 Bxc5 28. dxc5 Qxc5 29. Rc1 Nxc4 1/2-1/2

[Event "Charlotte CCCSA Fall IM"]
[Site "Charlotte"]
[Date "2018.11.24"]
[Round "7"]
[White "Moon, Benjamin"]
[Black "Kumar, Aravind"]
[Result "1/2-1/2"]
[WhiteElo "2277"]
[BlackElo "2217"]
[PlyCount "51"]
[EventDate "2018.11.21"]
[EventType "tourn"]
[EventRounds "9"]
[EventCountry "USA"]
[EventCategory "3"]
[SourceTitle "CBM 187 Extra"]
[Source "ChessBase"]
[SourceDate "2018.11.04"]
[SourceVersion "1"]
[SourceVersionDate "2018.11.04"]
[SourceQuality "1"]

1. d4 d5 2. Bf4 Nf6 3. e3 c5 4. Nf3 Nc6 5. Be2 e6 6. 0-0 Be7 7. dxc5 Bxc5 8. c4 0-0 9. Nbd2 h6 10. h3 Qe7 11. cxd5 Nxd5 12. Bg3 Bd6 13. Bxd6 Qxd6 14. a3 b6 15. Rc1 Bb7 16. Qa4 Rfc8 17. Ba6 Bxa6 18. Qxa6 Rc7 19. Nc4 Qd7 20. Qb5 Rac8 21. e4 Ne5 22. Qxd7 Nxd7 23. exd5 exd5 24. Nxb6 Nxb6 25. Rxc7 Rxc7 26. Rd1 1/2-1/2

[Event "Charlotte CCCSA Fall IM"]
[Site "Charlotte"]
[Date "2018.11.23"]
[Round "4"]
[White "Kumar, Aravind"]
[Black "Gauri, Shankar"]
[Result "0-1"]
[WhiteElo "2217"]
[BlackElo "2364"]
[PlyCount "78"]
[EventDate "2018.11.21"]
[EventType "tourn"]
[EventRounds "9"]
[EventCountry "USA"]
[EventCategory "3"]
[SourceTitle "CBM 187 Extra"]
[Source "ChessBase"]
[SourceDate "2018.11.04"]
[SourceVersion "1"]
[SourceVersionDate "2018.11.04"]
[SourceQuality "1"]

1. d4 Nf6 2. c4 e6 3. Nc3 Bb4 4. f3 c5 5. d5 0-0 6. e4 d6 7. Nge2 a6 8. Nf4 exd5 9. cxd5 b5 10. Be2 Nbd7 11. a4 Ba5 12. 0-0 c4 13. axb5 axb5 14. Be3 Rb8 15. Rb1 b4 16. Na4 Ne5 17. b3 c3 18. Qc2 Bd7 19. Kh1 Bxa4 20. bxa4 Nfd7 21. Bb5 Qc7 22. Ne2 Nc4 23. Bc1 Nde5 24. Nd4 Ra8 25. Qb3 Qc5 26. Nc2 Rfc8 27. Nxb4 Bxb4 28. Qxb4 c2 29. Rb3 Qd4 30. Qe1 Nd3 31. Qe2 Nxc1 32. Rxc1 Na5 33. Ra3 Qb2 34. Qe3 Nc4 35. Rb3 Qa2 36. Qd3 Na5 37. Rc3 Rxc3 38. Qxc3 Nb3 39. Bc4 Qb1 0-1

[Event "Charlotte CCCSA Fall IM"]
[Site "Charlotte"]
[Date "2018.11.22"]
[Round "2"]
[White "Kumar, Aravind"]
[Black "Rohan, Ahuja"]
[Result "1/2-1/2"]
[WhiteElo "2217"]
[BlackElo "2388"]
[PlyCount "76"]
[EventDate "2018.11.21"]
[EventType "tourn"]
[EventRounds "9"]
[EventCountry "USA"]
[EventCategory "3"]
[SourceTitle "CBM 187 Extra"]
[Source "ChessBase"]
[SourceDate "2018.11.04"]
[SourceVersion "1"]
[SourceVersionDate "2018.11.04"]
[SourceQuality "1"]

1. d4 Nf6 2. Nf3 g6 3. Nc3 d5 4. Bf4 Bg7 5. e3 0-0 6. Be2 c5 7. 0-0 cxd4 8. exd4 Nc6 9. Ne5 Nd7 10. Nxc6 bxc6 11. Na4 e5 12. dxe5 Nxe5 13. c3 Re8 14. Re1 Bf5 15. Be3 Qc7 16. Bd4 Bf8 17. Nc5 Nd7 18. Nxd7 Qxd7 19. b4 Bd6 20. Qd2 Qc7 21. Qh6 Be5 22. Bxe5 Rxe5 23. Qd2 Rae8 24. Bf1 h5 25. Rxe5 Qxe5 26. Qd4 Qxd4 27. cxd4 Rb8 28. a3 Kf8 29. Re1 Be6 30. Rc1 Bd7 31. Re1 Ra8 32. Ba6 Rb8 33. Bf1 Be6 34. Rc1 Rb6 35. f3 Ke7 36. Kf2 Kd6 37. Rc5 Rb7 38. Bd3 Re7 1/2-1/2

[Event "Charlotte CCCSA Fall IM"]
[Site "Charlotte"]
[Date "2018.11.22"]
[Round "3"]
[White "Kumar, Nikhil"]
[Black "Kumar, Aravind"]
[Result "1/2-1/2"]
[WhiteElo "2277"]
[BlackElo "2217"]
[PlyCount "84"]
[EventDate "2018.11.21"]
[EventType "tourn"]
[EventRounds "9"]
[EventCountry "USA"]
[EventCategory "3"]
[SourceTitle "CBM 187 Extra"]
[Source "ChessBase"]
[SourceDate "2018.11.04"]
[SourceVersion "1"]
[SourceVersionDate "2018.11.04"]
[SourceQuality "1"]

1. d4 d5 2. c4 c6 3. Nf3 Nf6 4. e3 Bf5 5. Nc3 e6 6. Nh4 Be4 7. f3 Bg6 8. Qb3 Qc7 9. Bd2 Be7 10. 0-0-0 dxc4 11. Bxc4 a6 12. Be2 b5 13. Nxg6 hxg6 14. Kb1 Nbd7 15. e4 Rd8 16. e5 Nd5 17. Nxd5 cxd5 18. f4 Nb6 19. Ba5 Qa7 20. h4 Rc8 21. h5 gxh5 22. Rxh5 Rxh5 23. Bxh5 Nc4 24. Qh3 Qd7 25. Be1 Qc6 26. Qd3 a5 27. Bd2 Nxd2+ 28. Qxd2 a4 29. a3 Qb6 30. Rc1 Rxc1+ 31. Qxc1 g6 32. Qc8+ Qd8 33. Qc6+ Qd7 34. Qa8+ Qd8 35. Qxd8+ Kxd8 36. Be2 b4 37. axb4 Bxb4 38. Kc2 a3 39. bxa3 Bxa3 40. Kd3 Ke7 41. g3 Bc1 42. Bd1 Bb2 1/2-1/2

[Event "Continental op 48th"]
[Site "Sturbridge"]
[Date "2018.08.19"]
[Round "8"]
[White "Graif, William"]
[Black "Kumar, Aravind"]
[Result "1-0"]
[WhiteElo "2123"]
[BlackElo "2169"]
[PlyCount "161"]
[EventDate "2018.08.16"]
[EventType "swiss"]
[EventRounds "9"]
[EventCountry "USA"]
[SourceTitle "CBM 186 Extra"]
[Source "ChessBase"]
[SourceDate "2018.08.24"]
[SourceVersion "1"]
[SourceVersionDate "2018.08.24"]
[SourceQuality "1"]

1. e4 e6 2. d4 d5 3. Nd2 Be7 4. c3 c5 5. dxc5 Nf6 6. exd5 Qxd5 7. b4 a5 8. Ngf3 Nc6 9. Bc4 Qh5 10. Rb1 Nd5 11. Bxd5 exd5 12. b5 Nd8 13. 0-0 0-0 14. Re1 Ne6 15. Nf1 Bf6 16. Nd4 Qxd1 17. Rxd1 Nxc5 18. Ba3 b6 19. Ne3 Be6 20. Nb3 Ne4 21. Bxf8 Kxf8 22. Nxd5 Bxd5 23. Rxd5 Nxc3 24. Rbd1 a4 25. Nc1 Nxd5 26. Rxd5 Rc8 27. Rd1 Rc2 28. g3 Rb2 29. Kg2 Rb1 30. Re1 Bc3 31. Rf1 Bf6 32. Nd3 Rxb5 33. Rc1 Rd5 34. Nb4 Rc5 35. Rb1 Rb5 36. a3 Be7 37. Kf3 Bc5 38. Ke2 Ke7 39. Nd5+ Kd6 40. Rxb5 Kxd5 41. Kd3 f5 42. f3 g6 43. Rb1 Kc6 44. Kc3 b5 45. Kb2 Bd4+ 46. Ka2 h5 47. Re1 g5 48. Re6+ Kd5 49. Rh6 g4 50. f4 Ke4 51. Rxh5 Bc3 52. Rh7 Kf3 53. Rf7 Kg2 54. Rxf5 Kxh2 55. Rc5 Bf6 56. Rc6 Bd4 57. Rd6 Bf2 58. f5 Bxg3 59. Rh6+ Kg2 60. f6 Bd6 61. f7 Bc5 62. Rc6 Be7 63. Re6 Bc5 64. Re5 Bd6 65. Rd5 Be7 66. Rxb5 g3 67. Ra5 Kf3 68. f8Q+ Bxf8 69. Rf5+ Ke3 70. Rxf8 g2 71. Rg8 Kf2 72. Kb2 g1Q 73. Rxg1 Kxg1 74. Kc3 Kf2 75. Kb4 Ke3 76. Kxa4 Kd4 77. Kb5 Kd5 78. Kb6 Kd6 79. a4 Kd7 80. Kb7 Kd6 81. a5 1-0

[Event "Continental op 48th"]
[Site "Sturbridge"]
[Date "2018.08.18"]
[Round "5"]
[White "Kumar, Aravind"]
[Black "Baryshpolets, Andrey"]
[Result "0-1"]
[WhiteElo "2169"]
[BlackElo "2609"]
[PlyCount "66"]
[EventDate "2018.08.16"]
[EventType "swiss"]
[EventRounds "9"]
[EventCountry "USA"]
[SourceTitle "CBM 186 Extra"]
[Source "ChessBase"]
[SourceDate "2018.08.24"]
[SourceVersion "1"]
[SourceVersionDate "2018.08.24"]
[SourceQuality "1"]

1. d4 d5 2. c4 e6 3. Nc3 c6 4. e3 Nf6 5. Nf3 Nbd7 6. Qc2 Bd6 7. Bd3 0-0 8. 0-0 dxc4 9. Bxc4 e5 10. Rd1 Qe7 11. h3 e4 12. Nd2 Nb6 13. Bf1 Re8 14. g4 h5 15. g5 Nh7 16. Qxe4 Qxg5+ 17. Qg2 Bxh3 18. Qxg5 Nxg5 19. f4 Bxf1 20. Rxf1 Ne6 21. f5 Ng5 22. e4 f6 23. e5 fxe5 24. Nde4 Nxe4 25. Nxe4 Bc7 26. f6 Rf8 27. dxe5 Bxe5 28. Rf5 Rae8 29. Bg5 Bd4+ 30. Nf2 Nd5 31. Rd1 Bxf6 32. Bxf6 Nxf6 33. Kg2 Re2 0-1

[Event "Continental op 48th"]
[Site "Sturbridge"]
[Date "2018.08.17"]
[Round "4"]
[White "Kumar, Aravind"]
[Black "Kavi, Nithin"]
[Result "1-0"]
[WhiteElo "2169"]
[BlackElo "1995"]
[PlyCount "77"]
[EventDate "2018.08.16"]
[EventType "swiss"]
[EventRounds "9"]
[EventCountry "USA"]
[SourceTitle "CBM 186 Extra"]
[Source "ChessBase"]
[SourceDate "2018.08.24"]
[SourceVersion "1"]
[SourceVersionDate "2018.08.24"]
[SourceQuality "1"]

1. d4 Nf6 2. c4 g6 3. Nc3 Bg7 4. e4 d6 5. Nge2 0-0 6. f3 Nc6 7. Be3 Rb8 8. Qd2 a6 9. Rc1 Bd7 10. Nd1 b5 11. c5 e6 12. Bg5 b4 13. Nf2 Qe8 14. Ng3 a5 15. Be2 h5 16. d5 exd5 17. exd5 Ne7 18. Bxf6 Bxf6 19. Nge4 Bg7 20. 0-0 Nf5 21. c6 Bc8 22. f4 Qd8 23. Bc4 Ra8 24. Rce1 Ba6 25. Bxa6 Rxa6 26. Ng3 Nd4 27. Ne2 Nf5 28. Ng3 Nd4 29. Re3 Rb6 30. Rd3 h4 31. Nge4 Nf5 32. g4 hxg3 33. hxg3 Rb8 34. g4 Ne7 35. Ng5 Qc8 36. Re1 Re8 37. Rde3 Bf8 38. Qd4 Rb5 39. Qf6 1-0

[Event "Eastern op 44th"]
[Site "Tysons"]
[Date "2017.12.29"]
[Round "5"]
[White "Steincamp, Isaac K"]
[Black "Kumar, Aravind"]
[Result "1/2-1/2"]
[WhiteElo "2062"]
[BlackElo "2176"]
[PlyCount "32"]
[EventDate "2017.12.27"]
[EventType "swiss"]
[EventRounds "7"]
[EventCountry "USA"]
[SourceTitle "CBM 182 Extra"]
[Source "ChessBase"]
[SourceDate "2018.02.23"]
[SourceVersion "1"]
[SourceVersionDate "2018.02.23"]
[SourceQuality "1"]

1. c4 e5 2. Nc3 Bb4 3. Nd5 Ba5 4. Nf3 c6 5. Nc3 Qe7 6. e3 d6 7. Be2 Nf6 8. d4 Bb6 9. 0-0 0-0 10. b4 e4 11. Nd2 d5 12. b5 Rd8 13. a4 Bc7 14. Ba3 Qe8 15. Rc1 dxc4 16. Nxc4 Nbd7 1/2-1/2

[Event "US Masters op"]
[Site "Greensboro"]
[Date "2017.08.24"]
[Round "3"]
[White "Kumar, Aravind"]
[Black "Thavandiran, Shiyam"]
[Result "0-1"]
[WhiteElo "2238"]
[BlackElo "2347"]
[PlyCount "70"]
[EventDate "2017.08.23"]
[EventType "swiss"]
[EventRounds "9"]
[EventCountry "USA"]
[SourceTitle "CBM 180 Extra"]
[Source "ChessBase"]
[SourceDate "2017.10.06"]
[SourceVersion "1"]
[SourceVersionDate "2017.10.06"]
[SourceQuality "1"]

1. d4 Nf6 2. c4 c5 3. d5 e6 4. Nc3 exd5 5. cxd5 d6 6. e4 g6 7. Nge2 Bg7 8. Ng3 0-0 9. Be2 a6 10. a4 Re8 11. 0-0 Nbd7 12. Bg5 Rb8 13. Qd2 Qc7 14. Bh6 Bh8 15. f4 c4 16. e5 dxe5 17. f5 b5 18. axb5 axb5 19. Nce4 Nxe4 20. Nxe4 Nc5 21. d6 Qb6 22. Nxc5 Qxc5+ 23. Be3 Qc6 24. fxg6 hxg6 25. Bg5 Bd7 26. h4 Re6 27. Be7 Qc5+ 28. Kh1 Rxe7 29. dxe7 Qxe7 30. g3 Bc6+ 31. Kh2 e4 32. Rad1 e3 33. Qc1 Be5 34. Qxe3 Qxh4+ 35. Kg1 Bxg3 0-1

[Event "PRO League Atlantic"]
[Site "Chess.com INT"]
[Date "2017.02.01"]
[Round "4"]
[White "Cheng, Bindi"]
[Black "Kumar, Aravind"]
[Result "1-0"]
[WhiteElo "2397"]
[BlackElo "2209"]
[PlyCount "79"]
[EventDate "2017.01.11"]
[EventType "team-swiss (rapid)"]
[EventRounds "7"]
[EventCountry "USA"]
[SourceTitle "CBM 176 Extra"]
[Source "ChessBase"]
[SourceDate "2017.03.02"]
[SourceVersion "1"]
[SourceVersionDate "2017.03.02"]
[SourceQuality "1"]
[WhiteTeam "Toronto Dragons"]
[BlackTeam "New Jersey Knockouts"]
[WhiteTeamCountry "CAN"]
[BlackTeamCountry "UAE"]

1. Nf3 d5 2. c4 c6 3. g3 Nf6 4. Bg2 Bg4 5. Ne5 Be6 6. cxd5 Bxd5 7. Nf3 e5 8. Nc3 e4 9. Nh4 Qd7 10. d3 exd3 11. Nxd5 cxd5 12. Qxd3 Bb4+ 13. Bd2 Bxd2+ 14. Qxd2 Nc6 15. 0-0 0-0 16. Rac1 Rfe8 17. Rfd1 Rad8 18. b4 Ne4 19. Qb2 Qe7 20. b5 Ne5 21. Qd4 a6 22. bxa6 bxa6 23. Bxe4 dxe4 24. Qxe4 Rxd1+ 25. Rxd1 g6 26. Qa4 Qe6 27. Ng2 Qc6 28. Qxc6 Nxc6 29. Ne3 Re6 30. Kf1 Kf8 31. Rd7 Ne5 32. Ra7 Rd6 33. f4 Nd7 34. Ke1 Nc5 35. Nc4 Rd4 36. Ne5 f6 37. Rf7+ Kg8 38. Rxf6 Ra4 39. Rc6 Ne4 40. Rc4 1-0

[Event "PRO League Atlantic"]
[Site "Chess.com INT"]
[Date "2017.02.01"]
[Round "4"]
[White "Kumar, Aravind"]
[Black "Noritsyn, Nikolay"]
[Result "0-1"]
[WhiteElo "2209"]
[BlackElo "2468"]
[PlyCount "56"]
[EventDate "2017.01.11"]
[EventType "team-swiss (rapid)"]
[EventRounds "7"]
[EventCountry "USA"]
[SourceTitle "CBM 176 Extra"]
[Source "ChessBase"]
[SourceDate "2017.03.02"]
[SourceVersion "1"]
[SourceVersionDate "2017.03.02"]
[SourceQuality "1"]
[WhiteTeam "New Jersey Knockouts"]
[BlackTeam "Toronto Dragons"]
[WhiteTeamCountry "UAE"]
[BlackTeamCountry "CAN"]

1. d4 e6 2. c4 Bb4+ 3. Nc3 f5 4. e3 Bxc3+ 5. bxc3 Nf6 6. Bd3 d6 7. Ne2 e5 8. 0-0 c5 9. d5 0-0 10. f3 e4 11. Bc2 Nbd7 12. fxe4 Nxe4 13. Rxf5 Rxf5 14. Bxe4 Re5 15. Ng3 Nf6 16. Bf3 h5 17. Nxh5 Nxh5 18. Bxh5 Qh4 19. Be2 Bf5 20. Bd2 Rf8 21. Be1 Qg5 22. Bf2 Bh3 23. Bf3 Bxg2 24. Bxg2 Rxf2 25. Kxf2 Qxe3+ 26. Kf1 Rf5+ 27. Bf3 Rxf3+ 28. Kg2 Rf2+ 0-1

[Event "North Eastern Masters"]
[Site "Piscataway"]
[Date "2016.08.09"]
[Round "5"]
[White "Balakrishnan, Praveen"]
[Black "Kumar, Aravind"]
[Result "1/2-1/2"]
[WhiteElo "2394"]
[BlackElo "2192"]
[PlyCount "149"]
[EventDate "2016.08.06"]
[EventType "tourn"]
[EventRounds "9"]
[EventCountry "USA"]
[EventCategory "3"]
[SourceTitle "CBM 173 Extra"]
[Source "ChessBase"]
[SourceDate "2016.08.29"]
[SourceVersion "1"]
[SourceVersionDate "2016.08.29"]
[SourceQuality "1"]

1. e4 e6 2. d4 d5 3. Nc3 Bb4 4. e5 Qd7 5. a3 Bxc3+ 6. bxc3 b6 7. Qg4 f5 8. Qg3 Ba6 9. Bxa6 Nxa6 10. Ne2 Kf7 11. Nf4 Ne7 12. a4 c5 13. Nh5 Rhg8 14. Qd3 Nb8 15. g4 Nbc6 16. f3 Rac8 17. Bd2 Rc7 18. Ng3 Rf8 19. gxf5 Nxf5 20. Nxf5 exf5 21. 0-0 Kg8 22. f4 Nd8 23. dxc5 bxc5 24. Be3 Nb7 25. Rfd1 Rd8 26. a5 Qe6 27. a6 c4 28. Qe2 Nc5 29. Bxc5 Rxc5 30. Qe3 Rc7 31. Ra5 Rcd7 32. Qf2 h6 33. Kh1 Kh7 34. Raa1 Rg8 35. Qd4 g5 36. Rg1 Rdg7 37. Qf2 gxf4 38. Rxg7+ Rxg7 39. Qxf4 d4 40. Rf1 d3 41. cxd3 cxd3 42. Qxf5+ Qxf5 43. Rxf5 d2 44. Rf1 Rd7 45. Rd1 Kg6 46. Kg2 Kf5 47. Kf3 Kxe5 48. Ke3 Rd6 49. Rxd2 Rxa6 50. Rb2 Ra4 51. Kd3 Rh4 52. Ra2 Kd5 53. Ra5+ Kc6 54. Ra6+ Kb7 55. Ra2 Kc6 56. Rxa7 Rxh2 57. Ra5 Rh3+ 58. Kc4 Rh4+ 59. Kb3 Rh1 60. Kb4 h5 61. Ra6+ Kb7 62. Rh6 h4 63. Kb5 h3 64. Rh7+ Kc8 65. c4 h2 66. Kc6 Kd8 67. c5 Ke8 68. Rh3 Kf7 69. Rf3+ Kg6 70. Rf2 Kg5 71. Rb2 Kf4 72. Kb6 Kg3 73. Rb3+ Kg2 74. Rb2+ Kg3 75. Rb3+ 1/2-1/2

[Event "North Eastern Masters"]
[Site "Piscataway"]
[Date "2016.08.08"]
[Round "4"]
[White "Kumar, Aravind"]
[Black "Panchanathan, Magesh Chandran"]
[Result "0-1"]
[WhiteElo "2192"]
[BlackElo "2506"]
[PlyCount "134"]
[EventDate "2016.08.06"]
[EventType "tourn"]
[EventRounds "9"]
[EventCountry "USA"]
[EventCategory "3"]
[SourceTitle "CBM 173 Extra"]
[Source "ChessBase"]
[SourceDate "2016.08.29"]
[SourceVersion "1"]
[SourceVersionDate "2016.08.29"]
[SourceQuality "1"]

1. d4 Nf6 2. c4 e6 3. Nc3 Bb4 4. f3 c5 5. d5 0-0 6. e4 d6 7. Bd3 b5 8. Nge2 exd5 9. cxd5 c4 10. Bc2 Qb6 11. Nd4 Bc5 12. Be3 Nbd7 13. 0-0 Ne5 14. Nce2 b4 15. Bf2 a5 16. Rb1 Bd7 17. b3 c3 18. h3 Rfe8 19. Qc1 Bc8 20. Qg5 Ba6 21. Rbd1 Ng6 22. Rfe1 Re5 23. Qg3 Nh5 24. Qh2 Bxe2 25. Rxe2 Nhf4 26. Ree1 Nxd5 27. g3 Ree8 28. Qg2 Nde7 29. f4 Nf8 30. e5 dxe5 31. Rxe5 Rad8 32. Re4 Ne6 33. Nxe6 Rxd1+ 34. Bxd1 fxe6 35. Bg4 Nd5 36. Rxe6 Bxf2+ 37. Kh1 Rd8 38. Rxb6 c2 39. Qf1 Be3 40. Be6+ Kf8 41. Bxd5 Rxd5 42. Rb8+ Ke7 43. Rb7+ Kd8 44. Rb8+ Kc7 45. Qc4+ Rc5 46. Rb7+ Kxb7 47. Qf7+ Rc7 48. Qd5+ Rc6 49. Qd7+ Rc7 50. Qd5+ Ka7 51. Qxa5+ Kb7 52. Qd5+ Ka6 53. Qd3+ Ka5 54. Qd5+ Rc5 55. Qd8+ Ka6 56. Qd6+ Kb7 57. Qd7+ Rc7 58. Qd5+ Rc6 59. Qd7+ Kb6 60. Qd8+ Kc5 61. Qa5+ Kd4 62. Qxb4+ Kd5 63. Qb5+ Rc5 64. Qd3+ Kc6 65. Qa6+ Kc7 66. Qa7+ Kd6 67. Qa6+ Rc6 0-1

[Event "Baltimore op 54th"]
[Site "Linthicum"]
[Date "2016.01.31"]
[Round "5"]
[White "Ganbold, Odondoo"]
[Black "Kumar, Aravind"]
[Result "1/2-1/2"]
[WhiteElo "2311"]
[BlackElo "2317"]
[PlyCount "69"]
[EventDate "2016.01.29"]
[EventType "swiss"]
[EventRounds "5"]
[EventCountry "USA"]
[SourceTitle "CBM 170 Extra"]
[Source "ChessBase"]
[SourceDate "2016.02.25"]
[SourceVersion "1"]
[SourceVersionDate "2016.02.25"]
[SourceQuality "1"]

1. e4 e6 2. Nf3 d5 3. e5 c5 4. b4 cxb4 5. a3 Nc6 6. axb4 Bxb4 7. c3 Ba5 8. d4 Nge7 9. Bd3 a6 10. 0-0 b5 11. Nfd2 Ng6 12. Nb3 Bd7 13. g3 Bb6 14. h4 Nge7 15. Qg4 Kf8 16. Ba3 a5 17. Bc5 Ra7 18. Na3 b4 19. Nb5 Ra8 20. Nd6 Bxc5 21. Nxc5 Nc8 22. Qf4 Nxd6 23. exd6 Rb8 24. Bc2 g6 25. Ba4 Kg7 26. cxb4 Rxb4 27. Nxd7 Qxd7 28. Bxc6 Qxc6 29. Qe5+ f6 30. Qxe6 Re8 31. Qg4 Qxd6 32. Rxa5 Qc6 33. Ra7+ Rb7 34. Rfa1 Reb8 35. Re1 1/2-1/2

[Event "North American op 25th"]
[Site "Las Vegas"]
[Date "2015.12.28"]
[Round "5"]
[White "Kumar, Aravind"]
[Black "Inapuri, Ramya"]
[Result "1-0"]
[WhiteElo "2295"]
[BlackElo "2131"]
[PlyCount "123"]
[EventDate "2015.12.26"]
[EventType "swiss"]
[EventRounds "9"]
[EventCountry "USA"]
[SourceTitle "CBM 170 Extra"]
[Source "ChessBase"]
[SourceDate "2016.02.25"]
[SourceVersion "1"]
[SourceVersionDate "2016.02.25"]
[SourceQuality "1"]

1. d4 d5 2. c4 e6 3. Nc3 Be7 4. cxd5 exd5 5. Bf4 Nf6 6. e3 c6 7. Bd3 0-0 8. Qc2 c5 9. dxc5 Nc6 10. Nge2 d4 11. exd4 Nxd4 12. Nxd4 Qxd4 13. Be3 Qe5 14. Ne2 b6 15. Bd4 Qh5 16. c6 Bb4+ 17. Bc3 Nd5 18. 0-0 Bxc3 19. bxc3 Bg4 20. Nd4 Nf4 21. f3 Be6 22. Bf5 Bxf5 23. Qxf5 Qh6 24. Rfe1 Qd6 25. Rad1 Ng6 26. Qb5 Qc5 27. Qxc5 bxc5 28. Nf5 Rfc8 29. Rd7 Rxc6 30. Ne7+ Nxe7 31. Rexe7 Rf8 32. Rxa7 Rb6 33. Rec7 Rb2 34. Rxc5 Rd8 35. Rd5 Re8 36. Re5 Rd8 37. Rd5 Re8 38. h4 g6 39. Ra4 Ree2 40. Rg5 Rxa2 41. Rxa2 Rxa2 42. Rb5 Rc2 43. Rc5 Kg7 44. Rc6 Kh6 45. Kh2 Rc1 46. g4 Kg7 47. g5 h5 48. Rc8 Rc2+ 49. Kg3 Rc1 50. c4 Rg1+ 51. Kh2 Rc1 52. c5 Rc2+ 53. Kg3 Rc4 54. c6 Rc3 55. Kf4 Rc4+ 56. Ke5 Rxh4 57. c7 Rc4 58. Kd6 h4 59. Ra8 Rd4+ 60. Ke5 Rc4 61. c8Q Rxc8 62. Rxc8 1-0

[Event "Edward Lasker Memorial 99th"]
[Site "New York"]
[Date "2015.12.18"]
[Round "6"]
[White "Kumar, Aravind"]
[Black "Sturt, Raven M"]
[Result "1/2-1/2"]
[WhiteElo "2317"]
[BlackElo "2374"]
[PlyCount "72"]
[EventDate "2015.12.11"]
[EventType "swiss"]
[EventRounds "9"]
[EventCountry "USA"]
[SourceTitle "CBM 170 Extra"]
[Source "ChessBase"]
[SourceDate "2016.02.25"]
[SourceVersion "1"]
[SourceVersionDate "2016.02.25"]
[SourceQuality "1"]

1. d4 d5 2. c4 c6 3. Nc3 Nf6 4. e3 Bf5 5. cxd5 cxd5 6. Qb3 Nc6 7. Qxb7 Bd7 8. Qb3 Rb8 9. Qd1 e5 10. Nf3 Bd6 11. dxe5 Nxe5 12. Be2 0-0 13. 0-0 Qe7 14. Nxe5 Bxe5 15. Bf3 Be6 16. Ne2 Bxb2 17. Bxb2 Rxb2 18. Qd4 Qa3 19. Rfb1 Rfb8 20. Rxb2 Rxb2 21. Qc3 Qxc3 22. Nxc3 Ne4 23. Rb1 Rxb1+ 24. Nxb1 Kf8 25. a3 Ke7 26. Bxe4 dxe4 27. Nc3 f5 28. Na4 Bc4 29. Nb2 Be2 30. Na4 Ba6 31. Nb2 g5 32. g3 Bb5 33. Kg2 Ke6 34. h3 h6 35. Nd1 Bd7 36. Nb2 Bc6 1/2-1/2

[Event "Edward Lasker Memorial 99th"]
[Site "New York"]
[Date "2015.12.13"]
[Round "5"]
[White "Jacobson, Aaron"]
[Black "Kumar, Aravind"]
[Result "0-1"]
[WhiteElo "2293"]
[BlackElo "2317"]
[PlyCount "88"]
[EventDate "2015.12.11"]
[EventType "swiss"]
[EventRounds "9"]
[EventCountry "USA"]
[SourceTitle "CBM 170 Extra"]
[Source "ChessBase"]
[SourceDate "2016.02.25"]
[SourceVersion "1"]
[SourceVersionDate "2016.02.25"]
[SourceQuality "1"]

1. b3 d5 2. Bb2 Bf5 3. e3 e6 4. f4 Nf6 5. Be2 Nbd7 6. Nf3 Be7 7. 0-0 0-0 8. Ne5 Nxe5 9. fxe5 Nd7 10. Bd3 Bxd3 11. cxd3 a5 12. d4 a4 13. Ba3 c5 14. Nc3 axb3 15. Bxc5 Nxc5 16. dxc5 d4 17. Ne2 b2 18. Rb1 Bxc5 19. Rxb2 Qd5 20. Rf4 dxe3 21. d4 Rfd8 22. Qf1 Ba3 23. Rb3 Rd7 24. Rxe3 Qxa2 25. Ref3 Rf8 26. Rg4 g6 27. h4 Rc7 28. Kh2 Rc2 29. Nc3 Qb2 30. Ne4 Rc1 31. Qd3 Be7 32. Qe3 Qb1 33. Kg3 Re1 34. Qf4 Qc1 35. Nd2 h5 36. Rg5 Re2 37. Rf2 Bxg5 38. hxg5 Rxf2 39. Qxf2 Qc2 40. Qf4 Qf5 41. Qe3 Ra8 42. Ne4 Qg4+ 43. Kf2 Ra2+ 44. Ke1 Qxg2 0-1